Vysoké Tatry Vysoká 2565 m : Kôpky 2362 m : Patria 2205 m

Bibliographic Details
Format: Photo
Language:Slovak
PhysicalDescription:1 pohľadnica čiernobiela 9 x 14 cm
Published: [Bratislava] Tatran 1947
Subjects:

MARC

LEADER 00000nkm a2200000 a 4500
001 vtls011560930
003 SK-MaSNL
005 20260301043824.0
007 kf bo
008 231214s1947 xo g kuslo
015 |a SNBG1947 
035 |a urn:nbn:sk:snk-km00bkx8 
035 |a urn:nbn:sk:snk-km3lnhg 
035 |a 1186B15F-3D16-4D42-87D6-B16FCE33DA06 
040 |a SNK  |b slo  |c SNK  |e AACR2 
041 0 |a slo 
043 |a e-xo--- 
044 |a xo  |c SK 
080 |a 908(437.6)  |2 2011 
080 |a (234.374.4)  |2 2011 
080 |a (084.121)  |2 2011 
245 0 0 |a Vysoké Tatry  |h grafika  |b Vysoká 2565 m : Kôpky 2362 m : Patria 2205 m 
260 |a [Bratislava]  |b Tatran  |c 1947 
300 |a 1 pohľadnica  |b čiernobiela  |c 9 x 14 cm 
651 7 |a Vysoké Tatry (Poľsko a Slovensko : pohorie)  |2 SNKPHgeo  |9 67729 
651 7 |a Vysoká (Vysoké Tatry, Slovensko : vrch)  |2 SNKPH  |9 160560 
651 7 |a Kôpky (Vysoké Tatry, Slovensko : štít)  |2 SNKPH  |9 160437 
651 7 |a Patria (Vysoké Tatry, Slovensko : štít)  |2 SNKPH  |9 160848 
655 7 |a miestne pohľadnice  |2 SNKPH  |9 70510 
852 |a Slovenská národná knižnica 
958 |a GC 
958 |a GBN 
958 |a OND 
999 |c 594513  |d 596443 
952 |a SNK  |b SNK  |y PREZ  |7 0  |p 17A1178937  |o snkSP 5297  |0 0  |1 0  |4 0  |d 2016-06-17  |f 1  |l 0  |r 2026-02-23 15:35:11  |w 2026-02-23